| 000 | 00680nam a22002537a 4500 | ||
|---|---|---|---|
| 999 |
_c313342 _d313342 |
||
| 001 | 27005 | ||
| 003 | UA-OsUOA | ||
| 005 | 20200220113222.0 | ||
| 007 | ta | ||
| 008 | 20040614b un ||||| |||| 00| 0 ukr d | ||
| 020 | _a9660600984 | ||
| 040 |
_aUA-OsUOA _bukr _cUA-OsUOA _dUA-OsUOA |
||
| 041 | _aukr | ||
| 044 | _aUA | ||
| 080 | _a94(5)"0375/1492" | ||
| 090 |
_a94(5)"0375/1492" _bР82 |
||
| 100 | _aРубель В. А. | ||
| 245 |
_aІсторія середньовічного сходу: тематична хрестоматія _bнавч. посіб. |
||
| 260 |
_aК. _bЛибідь _c2000 |
||
| 300 | _a624 с. | ||
| 650 | 7 | _2UDC | |
| 942 |
_cBK _2udc |
||
| 955 | _a0 | ||